<?xml version="1.0" encoding="UTF-8"?>
<record
    xmlns:xsi="http://www.w3.org/2001/XMLSchema-instance"
    xsi:schemaLocation="http://www.loc.gov/MARC21/slim http://www.loc.gov/standards/marcxml/schema/MARC21slim.xsd"
    xmlns="http://www.loc.gov/MARC21/slim">

  <leader>00527nam a22001695i 4500</leader>
  <datafield tag="999" ind1=" " ind2=" ">
    <subfield code="c">114356</subfield>
    <subfield code="d">114356</subfield>
  </datafield>
  <controlfield tag="001">20565115</controlfield>
  <controlfield tag="005">20191024111001.0</controlfield>
  <controlfield tag="008">180629s2018    nyu           000 0 eng  </controlfield>
  <datafield tag="020" ind1=" " ind2=" ">
    <subfield code="a">9783319948386</subfield>
  </datafield>
  <datafield tag="040" ind1=" " ind2=" ">
    <subfield code="c">PK-LaUMT</subfield>
  </datafield>
  <datafield tag="082" ind1=" " ind2=" ">
    <subfield code="a">610.72</subfield>
    <subfield code="b">KIY-U</subfield>
  </datafield>
  <datafield tag="100" ind1=" " ind2=" ">
    <subfield code="a">Kiyimba, Nikki</subfield>
  </datafield>
  <datafield tag="245" ind1="0" ind2="0">
    <subfield code="a">Using naturally occurring data in qualitative health research :</subfield>
    <subfield code="b">a practical guide /</subfield>
    <subfield code="c">by Nikki Kiyimba, Jessica Nina Lester and Michelle O'Reilly</subfield>
  </datafield>
  <datafield tag="260" ind1=" " ind2=" ">
    <subfield code="a">Switzerland :</subfield>
    <subfield code="b">Springer,</subfield>
    <subfield code="c">2019</subfield>
  </datafield>
  <datafield tag="300" ind1=" " ind2=" ">
    <subfield code="a">348 p.</subfield>
  </datafield>
  <datafield tag="942" ind1=" " ind2=" ">
    <subfield code="c">BK</subfield>
  </datafield>
  <datafield tag="952" ind1=" " ind2=" ">
    <subfield code="0">0</subfield>
    <subfield code="1">0</subfield>
    <subfield code="4">0</subfield>
    <subfield code="7">0</subfield>
    <subfield code="a">01</subfield>
    <subfield code="b">01</subfield>
    <subfield code="d">2019-10-24</subfield>
    <subfield code="l">0</subfield>
    <subfield code="o">610.72 KIY-U</subfield>
    <subfield code="p">132188</subfield>
    <subfield code="r">2019-10-24 00:00:00</subfield>
    <subfield code="w">2019-10-24</subfield>
    <subfield code="y">BK</subfield>
  </datafield>
</record>
